000 00330nam a2200133Ia 4500
005 20260328101526.0
008 260328s9999||||xx |||||||||||||| ||und||
100 _aCrawford, J.H.
245 0 _aCarfree Design Manual /
_cJ.H. Crawford
260 _bInternational Books
300 _a600 p.
650 _aDISEÑO URBANO
942 _cBK
999 _c9775
_d9775